مكتبة جامعة عجلون الوطنية

فهرس بحث المكتبة

Normal view MARC view
  • الاحلام-تفسير-علم النفس الفسيولوجي-الرؤيا

Entry Topical Term

Number of records used in: 1

001 - CONTROL NUMBER

  • control field: 24464

003 - CONTROL NUMBER IDENTIFIER

  • control field: JO-AjAnu

005 - DATE AND TIME OF LATEST TRANSACTION

  • control field: 20230606074207.0

008 - FIXED-LENGTH DATA ELEMENTS

  • fixed length control field: 230606|| aca||aabn | a|a d

040 ## - CATALOGING SOURCE

  • Original cataloging agency: JO-AjAnu
  • Transcribing agency: JO-AjAnu

150 ## - HEADING--TOPICAL TERM

  • Topical term or geographic name entry element: الاحلام-تفسير-علم النفس الفسيولوجي-الرؤيا

670 ## - SOURCE DATA FOUND

  • Source citation: Work cat.: (JO-AjAnu)12582: قمري،سميرة, author 24463, الحلم والرؤيا في الفلسفة والعلم والدين